Managed grasslands.
Guardado en:
| Otros Autores: | , |
|---|---|
| Formato: | Libro |
| Idioma: | English |
| Publicado: |
Amsterdam ; New York :
Elsevier,
1987-1990.
|
| Series: | Ecosystems of the world ;
17 |
| Etiquetas: |
Agregar Etiqueta
Sin Etiquetas, Sea el primero en etiquetar este registro!
|
| LEADER | 00900cam a2200253 a 4500 | ||
|---|---|---|---|
| 001 | EEA.libagro010270 | ||
| 005 | 20181008123648.0 | ||
| 008 | 871124m19871990ne#ab####b####001#0#eng## | ||
| 010 | |a 86000541 | ||
| 020 | |a 0444429980 (v. A) | ||
| 020 | |a 0444425659 (v. B) | ||
| 040 | |a DLC |c DLC |d DLC | ||
| 050 | 0 | 0 | |a SB199 |b .M29 1987 |
| 082 | 0 | 0 | |a 333.74 |
| 245 | 0 | 0 | |a Managed grasslands. |
| 260 | |a Amsterdam ; |a New York : |b Elsevier, |c 1987-1990. | ||
| 300 | |a 2 v. : |b il., mapas ; |c 27 cm. | ||
| 440 | 0 | |a Ecosystems of the world ; |v 17 | |
| 500 | |a La biblioteca posee: B. Analytical studies. | ||
| 504 | |a Incluye referencias bibliográficas e índices. | ||
| 505 | 0 | |a A. Regional studies / edited by A.I. Breymeyer -- B. Analytical studies / edited by R.W. Snaydon. | |
| 700 | 1 | |a Snaydon, R. W. | |
| 700 | 1 | |a Breymeyer, A. I. |q (Alicja I.), |d 1932- | |
| 859 | |a AR-BbBCA |b BIB. AGRONOMIA |h 333.74 |i S669 |p 1995/2314 | ||
